[Event "CZE-chT2F 2223"]
[Site "Czech Republic"]
[Date "2023.01.22"]
[Round "7"]
[White "Pala, Vladimir"]
[Black "Pilch, Roman"]
[Result "1/2-1/2"]
[WhiteElo "2176"]
[BlackElo "2184"]
[PlyCount "71"]
[EventDate "2022.10.16"]
[EventType "team-tourn"]
[EventRounds "11"]
[EventCountry "CZE"]
[SourceTitle "EXT 2024"]
[Source "ChessBase"]
[SourceDate "2023.10.10"]
[SourceVersion "1"]
[SourceVersionDate "2023.10.10"]
[SourceQuality "1"]
[WhiteTeam "Hostalkova II"]
[BlackTeam "Trinec II"]
[WhiteTeamCountry "CZE"]
[BlackTeamCountry "CZE"]

1. Nf3 g6 2. c4 Bg7 3. Nc3 c5 4. g3 Nc6 5. Bg2 Nf6 6. 0-0 0-0 7. d4 d6 8. d5 Na5 9. Nd2 a6 10. Qc2 Rb8 11. b3 b5 12. Bb2 bxc4 13. bxc4 Qc7 14. Rab1 Bd7 15. Ba1 Rxb1 16. Rxb1 Rb8 17. h3 Be8 18. Rxb8 Qxb8 19. Nd1 Qb6 20. Bc3 Nd7 21. Bxg7 Kxg7 22. Qb2+ Kg8 23. Qxb6 Nxb6 24. Nb2 Kf8 25. e4 Na4 26. Nxa4 Bxa4 27. Bf1 e5 28. f3 Ke7 29. h4 Bd7 30. Kf2 f6 31. Ke3 h6 32. Be2 g5 33. hxg5 fxg5 34. f4 gxf4+ 35. gxf4 Kf6 36. f5 1/2-1/2

[Event "CZE-chT2F 2223"]
[Site "Czech Republic"]
[Date "2022.11.06"]
[Round "2"]
[White "Klima, Lukas"]
[Black "Pala, Vladimir"]
[Result "1-0"]
[WhiteElo "2338"]
[BlackElo "2176"]
[PlyCount "85"]
[EventDate "2022.10.16"]
[EventType "team-tourn"]
[EventRounds "11"]
[EventCountry "CZE"]
[SourceTitle "EXT 2024"]
[Source "ChessBase"]
[SourceDate "2023.10.10"]
[SourceVersion "1"]
[SourceVersionDate "2023.10.10"]
[SourceQuality "1"]
[WhiteTeam "Poruba Slavoj III"]
[BlackTeam "Hostalkova II"]
[WhiteTeamCountry "CZE"]
[BlackTeamCountry "CZE"]

1. e4 g6 2. d4 Bg7 3. Nc3 c6 4. Bc4 d6 5. Qf3 e6 6. Bf4 b5 7. Bb3 a5 8. a3 Qc7 9. d5 Bxc3+ 10. Qxc3 e5 11. Bg3 c5 12. a4 b4 13. Qd3 Ba6 14. Bc4 Bxc4 15. Qxc4 Nd7 16. Nf3 Ne7 17. Nd2 f6 18. 0-0 0-0 19. Qd3 Nb6 20. f4 Qd7 21. b3 Kg7 22. fxe5 fxe5 23. Rxf8 Rxf8 24. Qa6 Qc7 25. Qxa5 Nbxd5 26. Qxc7 Nxc7 27. Nc4 Nc6 28. Nxd6 Ne6 29. Rf1 Ned4 30. Rxf8 Kxf8 31. Nc4 Nxc2 32. Bxe5 Ke8 33. a5 Na3 34. Nd6+ Kd7 35. a6 Ke6 36. Bf4 c4 37. Nb7 c3 38. Nd8+ Kd7 39. Nxc6 Kxc6 40. a7 Kb7 41. e5 Nb5 42. e6 c2 43. e7 1-0

[Event "CZE-chT1E 1920"]
[Site "Czech Republic"]
[Date "2020.01.19"]
[Round "6.4"]
[White "Pala, Vladimir"]
[Black "Mroziak, Maciej"]
[Result "0-1"]
[WhiteElo "2226"]
[BlackElo "2369"]
[PlyCount "68"]
[EventDate "2019.10.20"]
[EventType "team-tourn"]
[EventRounds "11"]
[EventCountry "CZE"]
[SourceTitle "CBM 194 Extra"]
[Source "ChessBase"]
[SourceDate "2020.03.31"]
[SourceVersion "1"]
[SourceVersionDate "2020.03.31"]
[SourceQuality "1"]
[WhiteTeam "Hostalkova"]
[BlackTeam "Cesky Tesin"]
[WhiteTeamCountry "CZE"]
[BlackTeamCountry "CZE"]

1. Nf3 g6 2. c4 Bg7 3. d4 Nf6 4. Nc3 d5 5. cxd5 Nxd5 6. e4 Nxc3 7. bxc3 c5 8. Rb1 0-0 9. Be2 Nc6 10. d5 Ne5 11. Nxe5 Bxe5 12. Qb3 e6 13. f4 Bc7 14. 0-0 exd5 15. exd5 Bf5 16. Rb2 c4 17. Qxc4 Re8 18. Qb3 Bb6+ 19. Kh1 Qh4 20. Qd1 Rac8 21. Bd2 Bf2 22. Be1 Bxe1 23. Qxe1 Qxe1 24. Rxe1 Rxc3 25. Kg1 b6 26. Rd1 Kf8 27. Bf3 Be4 28. Be2 Ke7 29. Bb5 Rd8 30. Rbd2 Kd6 31. Bc6 Rg8 32. h4 h6 33. Kf2 g5 34. Re1 f5 0-1

[Event "CZE-chT1E 1920"]
[Site "Czech Republic"]
[Date "2019.11.24"]
[Round "3.5"]
[White "Mica, Marek"]
[Black "Pala, Vladimir"]
[Result "1/2-1/2"]
[WhiteElo "2158"]
[BlackElo "2226"]
[PlyCount "98"]
[EventDate "2019.10.20"]
[EventType "team-tourn"]
[EventRounds "11"]
[EventCountry "CZE"]
[SourceTitle "CBM 193 Extra"]
[Source "ChessBase"]
[SourceDate "2020.01.31"]
[SourceVersion "1"]
[SourceVersionDate "2020.01.31"]
[SourceQuality "1"]
[WhiteTeam "Frydek Mistek II"]
[BlackTeam "Hostalkova"]
[WhiteTeamCountry "CZE"]
[BlackTeamCountry "CZE"]

1. d4 Nf6 2. Nf3 g6 3. Bg5 Bg7 4. c3 d5 5. e3 Nbd7 6. Nbd2 0-0 7. Be2 Re8 8. 0-0 c6 9. c4 dxc4 10. Bxc4 b5 11. Be2 Qb6 12. Qb3 Bb7 13. Rac1 Rac8 14. Rfd1 a6 15. Ne5 e6 16. Bxf6 Nxf6 17. Nd3 Qa7 18. Bf3 Bf8 19. Ne4 Nxe4 20. Bxe4 c5 21. Nxc5 Rxc5 22. dxc5 Bxe4 23. Qc3 Bc6 24. Qa5 Qa8 25. f3 Rc8 26. Kf2 Be7 27. Rd3 Bd8 28. Qd2 Bc7 29. e4 a5 30. a3 a4 31. Qh6 Rd8 32. Rcd1 Rxd3 33. Rxd3 Qf8 34. Qg5 f6 35. Qe3 g5 36. g3 Kf7 37. Rd1 h6 38. Rd2 Kg6 39. Kg2 Kf7 40. b4 axb3 41. Qxb3 Ke7 42. Qe3 h5 43. Kf2 h4 44. gxh4 Qh6 45. hxg5 Qxh2+ 46. Kf1 Qh1+ 47. Ke2 Qg2+ 48. Kd3 Qxg5 49. Qxg5 fxg5 1/2-1/2

[Event "CZE-chT1E 1819"]
[Site "Czech Republic"]
[Date "2019.02.03"]
[Round "7.4"]
[White "Rabatin, Jakub"]
[Black "Pala, Vladimir"]
[Result "1/2-1/2"]
[WhiteElo "2300"]
[BlackElo "2237"]
[PlyCount "105"]
[EventDate "2018.10.21"]
[EventType "team-tourn"]
[EventRounds "11"]
[EventCountry "CZE"]
[SourceTitle "CBM 188 Extra"]
[Source "ChessBase"]
[SourceDate "2019.02.26"]
[SourceVersion "1"]
[SourceVersionDate "2019.02.26"]
[SourceQuality "1"]
[WhiteTeam "Frydek Mistek II"]
[BlackTeam "Hostalkova"]
[WhiteTeamCountry "CZE"]
[BlackTeamCountry "CZE"]

1. e4 e6 2. d4 d5 3. Nd2 dxe4 4. Nxe4 Nd7 5. Nf3 Ngf6 6. Nxf6+ Nxf6 7. Bc4 Be7 8. Qe2 0-0 9. Bg5 b6 10. 0-0-0 Bb7 11. Ne5 Nd5 12. Bxe7 Qxe7 13. Bxd5 exd5 14. Qg4 f6 15. Nd3 Rae8 16. Rhe1 Qf7 17. Nf4 Bc8 18. Qf3 c6 19. Qc3 Qd7 20. f3 Rxe1 21. Rxe1 Re8 22. Kd2 Rxe1 23. Kxe1 Qd6 24. g3 Kf7 25. Kf2 Bf5 26. a3 Bd7 27. Qd3 g6 28. c3 Bf5 29. Qd2 Bd7 30. Kg2 Bf5 31. g4 Bd7 32. h4 Qe7 33. Kf2 Qd6 34. Kg2 Qe7 35. Nd3 Qd6 36. Qh6 Kg8 37. g5 f5 38. h5 Be8 39. Ne5 c5 40. hxg6 hxg6 41. Qh1 c4 42. Qe1 Kf8 43. Qh4 Kg8 44. Qf4 Qe7 45. Qe3 Kf8 46. Kg3 a5 47. a4 Qd6 48. Qc1 Bxa4 49. Qa1 Be8 50. f4 a4 51. Qa3 Ke7 52. Kf2 Qxa3 53. bxa3 1/2-1/2

[Event "CZE-chT1E 1718"]
[Site "Czech Republic"]
[Date "2017.12.10"]
[Round "4.6"]
[White "Malinovsky, Karel"]
[Black "Pala, Vladimir"]
[Result "1-0"]
[WhiteElo "2483"]
[BlackElo "2243"]
[PlyCount "131"]
[EventDate "2017.10.22"]
[EventType "team-tourn"]
[EventRounds "11"]
[EventCountry "CZE"]
[SourceTitle "EXT 2019"]
[Source "ChessBase"]
[SourceDate "2018.10.10"]
[SourceVersion "1"]
[SourceVersionDate "2018.10.10"]
[SourceQuality "1"]
[WhiteTeam "Kromeriz"]
[BlackTeam "Hostalkova"]
[WhiteTeamCountry "CZE"]
[BlackTeamCountry "CZE"]

1. e4 g6 2. d4 Bg7 3. Nc3 c6 4. f4 d5 5. e5 h5 6. Nf3 Bg4 7. Be2 e6 8. Be3 Nd7 9. 0-0 Nh6 10. h3 Bxf3 11. Bxf3 Nf5 12. Bf2 h4 13. Ne2 Bf8 14. b3 Be7 15. c4 Kf8 16. Kh2 Kg7 17. Qd2 b5 18. cxb5 cxb5 19. Rfc1 Qb6 20. Qc3 Qb7 21. Qc7 Rhb8 22. Bg4 Nh6 23. Ng1 Bd8 24. Qxb7 Rxb7 25. Be2 Nf5 26. Nf3 Be7 27. Bd3 b4 28. Rc2 a5 29. Rac1 Raa7 30. Rc6 a4 31. Ra6 axb3 32. axb3 Rxa6 33. Bxa6 Ra7 34. Bd3 Nf8 35. Rc8 Ra2 36. Be1 Ra1 37. Bf2 Ra2 38. Bg1 Ra7 39. Re8 Rd7 40. Bf2 Rd8 41. Rxd8 Bxd8 42. Ne1 Be7 43. Nc2 Ng3 44. Bxg3 hxg3+ 45. Kxg3 Nd7 46. Bb5 Nb6 47. Kf3 Na8 48. g4 Bf8 49. Ne1 Nc7 50. Bc6 Be7 51. g5 Bf8 52. Kg4 Be7 53. h4 Kh7 54. h5 gxh5+ 55. Kxh5 Kg7 56. Nf3 Bf8 57. Nh4 Be7 58. Kg4 Bd8 59. Nf3 Kg6 60. Ne1 Be7 61. Nd3 Bf8 62. Bd7 Be7 63. f5+ exf5+ 64. Bxf5+ Kg7 65. Bd7 Kg6 66. Nf4+ 1-0

[Event "CZE-chT2E 1617"]
[Site "Czech Republic"]
[Date "2016.10.09"]
[Round "1.2"]
[White "Vitak, Pavel"]
[Black "Pala, Vladimir"]
[Result "1/2-1/2"]
[WhiteElo "2250"]
[BlackElo "2253"]
[PlyCount "70"]
[EventDate "2016.09.10"]
[EventType "team-tourn"]
[EventRounds "11"]
[EventCountry "CZE"]
[SourceTitle "EXT 2022"]
[Source "ChessBase"]
[SourceDate "2021.10.06"]
[SourceVersion "1"]
[SourceVersionDate "2021.10.06"]
[SourceQuality "1"]
[WhiteTeam "Vsetin"]
[BlackTeam "Hostalkova"]
[WhiteTeamCountry "CZE"]
[BlackTeamCountry "CZE"]

1. e4 e6 2. d3 d5 3. Nd2 c5 4. Ngf3 Nf6 5. g3 Nc6 6. Bg2 Be7 7. 0-0 b6 8. e5 Nd7 9. Re1 Qc7 10. Qe2 Bb7 11. Nf1 h6 12. h4 0-0-0 13. N1h2 Rdg8 14. c3 g5 15. hxg5 hxg5 16. Ng4 Kb8 17. Bd2 Rg6 18. Rab1 Ka8 19. b4 Qd8 20. b5 Na5 21. c4 d4 22. Bxa5 bxa5 23. Nd2 Qc7 24. Bxb7+ Qxb7 25. Qf3 Qxf3 26. Nxf3 Kb7 27. Kg2 Kc7 28. Rh1 Rgg8 29. Rh2 Rxh2+ 30. Nfxh2 Rh8 31. Nf3 Kd8 32. Nd2 Ke8 33. Ne4 Kf8 34. Kf3 Kg7 35. Nef6 Bxf6 1/2-1/2

[Event "CZE-chT2F 1516"]
[Site "Czech Republic"]
[Date "2016.03.13"]
[Round "9.13"]
[White "Pala, Vladimir"]
[Black "Kicmer, Petr"]
[Result "1/2-1/2"]
[WhiteElo "2242"]
[BlackElo "2206"]
[PlyCount "76"]
[EventDate "2015.10.18"]
[EventType "team-tourn"]
[EventRounds "11"]
[EventCountry "CZE"]
[SourceTitle "EXT 2022"]
[Source "ChessBase"]
[SourceDate "2021.10.06"]
[SourceVersion "1"]
[SourceVersionDate "2021.10.06"]
[SourceQuality "1"]
[WhiteTeam "Hostalkova"]
[BlackTeam "Havirov Banik"]
[WhiteTeamCountry "CZE"]
[BlackTeamCountry "CZE"]

1. c4 e5 2. Nc3 Nf6 3. Nf3 Nc6 4. e3 Bb4 5. Nd5 Be7 6. d4 d6 7. Be2 0-0 8. Nxe7+ Qxe7 9. d5 Nb8 10. 0-0 Bg4 11. Nd2 Bxe2 12. Qxe2 e4 13. b3 Nbd7 14. Bb2 Rfe8 15. Rac1 a5 16. f4 a4 17. b4 a3 18. Bd4 c6 19. dxc6 bxc6 20. Rb1 c5 21. bxc5 dxc5 22. Bc3 Qd6 23. Rfd1 Rab8 24. Rxb8 Qxb8 25. Nb3 Qb6 26. h3 h5 27. Rd2 Rc8 28. g4 hxg4 29. hxg4 Qe6 30. g5 Ng4 31. Rd5 f5 32. gxf6 Ngxf6 33. Bxf6 Nxf6 34. Rxc5 Rxc5 35. Nxc5 Qh3 36. Kf2 Ng4+ 37. Ke1 Nxe3 38. Nxe4 Ng2+ 1/2-1/2

[Event "CZE-chT2F 1516"]
[Site "Czech Republic"]
[Date "2016.01.24"]
[Round "6.53"]
[White "Bosak, Jan"]
[Black "Pala, Vladimir"]
[Result "1/2-1/2"]
[WhiteElo "2148"]
[BlackElo "2242"]
[PlyCount "26"]
[EventDate "2015.10.18"]
[EventType "team-tourn"]
[EventRounds "11"]
[EventCountry "CZE"]
[SourceTitle "EXT 2022"]
[Source "ChessBase"]
[SourceDate "2021.10.06"]
[SourceVersion "1"]
[SourceVersionDate "2021.10.06"]
[SourceQuality "1"]
[WhiteTeam "Vsetin"]
[BlackTeam "Hostalkova"]
[WhiteTeamCountry "CZE"]
[BlackTeamCountry "CZE"]

1. c4 Nf6 2. Nc3 c5 3. Nf3 Nc6 4. e3 e6 5. d4 d5 6. a3 cxd4 7. exd4 dxc4 8. Bxc4 Be7 9. 0-0 0-0 10. Bg5 a6 11. Qd3 b5 12. Ba2 Bb7 13. Rfd1 Rc8 1/2-1/2

[Event "CZE-chT2F 1516"]
[Site "Czech Republic"]
[Date "2016.01.10"]
[Round "5.3"]
[White "Pala, Vladimir"]
[Black "Rakus, Pavel"]
[Result "1/2-1/2"]
[WhiteElo "2242"]
[BlackElo "2188"]
[PlyCount "55"]
[EventDate "2015.10.18"]
[EventType "team-tourn"]
[EventRounds "11"]
[EventCountry "CZE"]
[SourceTitle "EXT 2022"]
[Source "ChessBase"]
[SourceDate "2021.10.06"]
[SourceVersion "1"]
[SourceVersionDate "2021.10.06"]
[SourceQuality "1"]
[WhiteTeam "Hostalkova"]
[BlackTeam "Benesov Dolni"]
[WhiteTeamCountry "CZE"]
[BlackTeamCountry "CZE"]

1. c4 Nf6 2. Nc3 c5 3. Nf3 Nc6 4. g3 g6 5. Bg2 Bg7 6. 0-0 d5 7. cxd5 Nxd5 8. Qb3 Nxc3 9. bxc3 0-0 10. Rb1 b6 11. d3 Be6 12. Qc2 Rc8 13. Bd2 Qd7 14. Ng5 Bg4 15. f3 Be6 16. Nxe6 Qxe6 17. Rfe1 Rfd8 18. f4 Qd7 19. Rbd1 e5 20. Kh1 Bh6 21. Rf1 exf4 22. Bxf4 Bxf4 23. Rxf4 Ne7 24. Qb3 Nd5 25. Bxd5 Qxd5+ 26. Qxd5 Rxd5 27. Kg2 f5 28. e4 1/2-1/2

[Event "CZE-chT2E 1213"]
[Site "Czech Republic"]
[Date "2013.03.24"]
[Round "11.4"]
[White "Pala, Vladimir"]
[Black "Dvoulety, Pavel"]
[Result "1-0"]
[WhiteElo "2255"]
[BlackElo "2146"]
[PlyCount "83"]
[EventDate "2012.10.14"]
[EventType "team-tourn"]
[EventRounds "11"]
[EventCountry "CZE"]
[SourceTitle "EXT 2016"]
[Source "ChessBase"]
[SourceDate "2015.10.08"]
[SourceVersion "1"]
[SourceVersionDate "2015.10.08"]
[SourceQuality "1"]
[WhiteTeam "Zlin II"]
[BlackTeam "Stare Mesto II"]
[WhiteTeamCountry "CZE"]
[BlackTeamCountry "CZE"]

1. Nf3 d5 2. g3 Nf6 3. Bg2 c5 4. c4 d4 5. 0-0 Nc6 6. d3 e5 7. Bg5 Be7 8. Nbd2 Ng8 9. Bxe7 Ngxe7 10. a3 Qc7 11. Rb1 a5 12. b3 0-0 13. Ne1 Bd7 14. Nc2 f5 15. b4 Nd8 16. Nb3 a4 17. Nd2 Bc6 18. bxc5 Ne6 19. Bxc6 bxc6 20. Rb4 Nxc5 21. Qa1 Rad8 22. Qb2 Qd6 23. Nf3 Qf6 24. Rb6 Qd6 25. Qc1 Rf6 26. Qd2 Nc8 27. Rbb1 f4 28. Qb4 Ne7 29. Nd2 Rh6 30. Ne1 Rf8 31. Nef3 Nf5 32. Ne4 Nxe4 33. dxe4 Nxg3 34. fxg3 Qe6 35. g4 Qxg4+ 36. Kh1 Rh3 37. Rg1 Qh5 38. Qe7 Rg3 39. Rb7 Rxg1+ 40. Kxg1 Qg6+ 41. Kf2 Re8 42. Qd7 1-0

[Event "CZE-chT2E 1112"]
[Site "Czech Republic"]
[Date "2012.01.22"]
[Round "6.4"]
[White "Pala, Vladimir"]
[Black "Beseda, Roman"]
[Result "1-0"]
[WhiteElo "2277"]
[BlackElo "2134"]
[PlyCount "105"]
[EventDate "2011.10.09"]
[EventType "team-tourn"]
[EventRounds "11"]
[EventCountry "CZE"]
[SourceTitle "EXT 2013"]
[Source "ChessBase"]
[SourceDate "2012.11.22"]
[SourceVersion "1"]
[SourceVersionDate "2012.11.22"]
[SourceQuality "1"]
[WhiteTeam "Zlin III"]
[BlackTeam "Hostalkova"]
[WhiteTeamCountry "CZE"]
[BlackTeamCountry "CZE"]

1. Nf3 d5 2. b3 Nf6 3. Bb2 e6 4. g3 Bd6 5. Bg2 Nbd7 6. 0-0 0-0 7. c4 c6 8. d3 Qe7 9. Nc3 Ba3 10. Qc1 Bxb2 11. Qxb2 Rd8 12. d4 b6 13. Rfd1 Ba6 14. cxd5 cxd5 15. Rac1 Rac8 16. e3 Rc7 17. Bf1 Bxf1 18. Rxf1 a6 19. Na4 Rdc8 20. Rxc7 Rxc7 21. Rc1 Ne8 22. Rxc7 Nxc7 23. Qc3 Qd6 24. Ne5 b5 25. Nxd7 bxa4 26. Nc5 axb3 27. Qxb3 g6 28. Qb8+ Kg7 29. a4 a5 30. Qa7 e5 31. Qxa5 exd4 32. exd4 Ne6 33. Nxe6+ Qxe6 34. Qb4 Qe2 35. h4 h5 36. a5 g5 37. hxg5 h4 38. gxh4 Qd1+ 39. Kh2 Qg4 40. Qd2 Qxh4+ 41. Kg2 Qg4+ 42. Kf1 Qh3+ 43. Ke2 Qg4+ 44. Kd3 Qc8 45. f4 Qc4+ 46. Ke3 Qf1 47. Qf2 Qc4 48. Kf3 Qc3+ 49. Qe3 Qxa5 50. Qe5+ Kg8 51. Kg4 Qa2 52. Qe3 Qc2 53. Qe8+ 1-0

[Event "CZE-chT2E 1112"]
[Site "Czech Republic"]
[Date "2011.11.20"]
[Round "3.3"]
[White "Pala, Vladimir"]
[Black "Sojka, Ales"]
[Result "1/2-1/2"]
[WhiteElo "2277"]
[BlackElo "2094"]
[PlyCount "24"]
[EventDate "2011.10.09"]
[EventType "team-tourn"]
[EventRounds "11"]
[EventCountry "CZE"]
[SourceTitle "EXT 2013"]
[Source "ChessBase"]
[SourceDate "2012.11.22"]
[SourceVersion "1"]
[SourceVersionDate "2012.11.22"]
[SourceQuality "1"]
[WhiteTeam "Zlin III"]
[BlackTeam "Kromeriz II"]
[WhiteTeamCountry "CZE"]
[BlackTeamCountry "CZE"]

1. Nf3 d5 2. g3 Nf6 3. Bg2 g6 4. 0-0 Bg7 5. c4 c6 6. d4 0-0 7. Ne5 Nbd7 8. Nxd7 Bxd7 9. cxd5 cxd5 10. Nc3 Bc6 11. Bg5 Qb6 12. Bxf6 Bxf6 1/2-1/2